(The) High speed compression ignition engines (Record no. 892)

000 -LEADER
fixed length control field 00404nam a22001457a 4500
008 - FIXED-LENGTH DATA ELEMENTS--GENERAL INFORMATION
fixed length control field 191230b ||||| |||| 00| 0 eng d
082 00 - DEWEY DECIMAL CLASSIFICATION NUMBER
Classification number 621.4
Item number D5541
100 ## - MAIN ENTRY--PERSONAL NAME
9 (RLIN) 458
Personal name Dicksee, C. B.
245 10 - TITLE STATEMENT
Title (The) High speed compression ignition engines
260 ## - PUBLICATION, DISTRIBUTION, ETC. (IMPRINT)
Place of publication, distribution, etc London
Name of publisher, distributor, etc Blackie & Sons Ltd
Date of publication, distribution, etc 1944
300 ## - PHYSICAL DESCRIPTION
Extent xii,311p.
365 ## - TRADE PRICE
Price amount 13.11
650 #0 - SUBJECT ADDED ENTRY--TOPICAL TERM
Topical term or geographic name as entry element Internal Combustion Engines
942 ## - ADDED ENTRY ELEMENTS (KOHA)
Item type Books
Holdings
Withdrawn status Lost status Source of classification or shelving scheme Damaged status Not for loan Permanent location Current location Date acquired Source of acquisition Full call number Barcode Date last seen Koha item type
          IMU Kolkata IMU Kolkata 1952-10-20 Blackie 621.4 D5541 00466 2019-12-30 Books
          IMU Kolkata IMU Kolkata 1952-10-20 Blackie 621.4 D5541 00467 2019-12-30 Books
Designed and Maintained by IMU-KC Library, Kolkata Campus © Copyright All Rights Reserved

webs counters

Powered by Koha